| 000 | 01184cam a22003254a 4500 | ||
|---|---|---|---|
| 008 | 030714s2003 sp b bd 000 0cspa | ||
| 010 | _a 2003499156 | ||
| 020 | _a8448307356 | ||
| 040 |
_aDLC _cDLC _dDLC |
||
| 043 |
_an------ _as------ _ae-sp--- |
||
| 050 | 0 | 0 |
_aE123 _b.G625 2003 |
| 082 | 0 | 0 |
_a970.01/6/0922 2003 _222 |
| 092 | 0 | 4 |
_a970.0160922 _bG6437 2003 _221 |
| 099 |
_a04 _a970.0160922 G6437 2003 |
||
| 100 | 1 |
_aGonzalez Ochoa, Jose Ma. _q(Jose Maria) |
|
| 245 | 1 | 0 |
_aQuien es quien en la America del descubrimiento (1492-1600) / _cJose Maria Gonzalez Ochoa. |
| 260 |
_aMadrid : _bAcento Editorial, _cc2003. |
||
| 300 |
_a477 p. : _bmaps ; _c23 cm. |
||
| 440 | 0 | _aArchivos Acento | |
| 504 | _aIncludes bibliographical references (p. [473]-477). | ||
| 650 | 0 |
_aExplorers _zAmerica _vBiography _vDictionaries. |
|
| 650 | 0 |
_aExplorers _zSpain _vBiography _vDictionaries. |
|
| 651 | 0 |
_aAmerica _xDiscovery and exploration _xSpanish _vDictionaries. |
|
| 653 |
_aAmâerica _aDescubrimiento y exploraciâon _aDirectorios. |
||
| 902 | _a1 | ||
| 905 |
_aJamal _eRev. |
||
| 905 |
_aJihan _ecat. |
||
| 942 |
_2ddc _cBK |
||
| 999 |
_c129077 _d129077 |
||